| 000 | 00378nam a2200145Ia 4500 | ||
|---|---|---|---|
| 008 | 230917s9999||||xx |||||||||||||| ||und|| | ||
| 040 |
_e197901 _aMAIN |
||
| 041 | _aEnglish | ||
| 082 | _a294.1 D33I | ||
| 100 | _aDayanand Saraswati | ||
| 245 | 0 | _aIntroduction to the commentary on the Vedas | |
| 260 |
_aNew Delhi _bSukriti Prakashan _c2011 |
||
| 300 | _a364 p. | ||
| 942 | _cBK | ||
| 999 |
_c170210 _d170210 |
||